000
002690000a22000970004500
100
1
_a
Réamonn, Páraic
245
1
0
_a
Should you not have had mercy?
300
_a
Vol. 47, Num. 3 & 4 (Septiembre-Diciembre, 1997), Páginas 97-100
773
0
_t
Reformed World
942
_c
ANA
999
_c
55494
_d
55494